| 000 | 00597nam a2200205 i 4500 | ||
|---|---|---|---|
| 001 | bg | ||
| 100 | 1 | _aGRZESIAK, Maciej | |
| 245 | 1 | 0 |
_aElementy algebry ogólnej z zadaniami / _cMaciej Grzesiak ; Politechnika Poznańska. |
| 260 |
_aPoznań : _bWydaw. PP, _c1994. |
||
| 300 |
_a138 s. : _brys. ; _c24 cm. |
||
| 504 | _aBibliogr. s. 135. - Indeks. | ||
| 521 | _aDla studentów III roku kierunku Matematyka. | ||
| 650 | 9 | _aAlgebra | |
| 655 | _aPodręczniki akademickie | ||
| 040 | _cBPK | ||
| 041 | 0 | _apl | |
| 080 | _a512.5(075.8) | ||
| 942 | _cKS | ||
| 008 | s pl f |000 0 pol | ||
| 999 |
_c6711 _d6711 |
||
| 856 |
_uhttp://koha.tu.koszalin.pl/cgi-bin/koha/opac-detail.pl?biblionumber=6711 _yKatalog online BPK |
||